E-learning and Simulations

Vzdelanie ako jedna z najväčších investícií pre budúcnosť krajiny alebo firmy. Využívanie nových elektronických foriem vzdelávania všade vo svete. E-learning a simulácie. Výhody simulovaného vzdelávania. Obchodné simulácie.

Salvato in:
Dettagli Bibliografici
Autore principale: Retová, Janette
Altri autori: Škvarčeková, Oľga
Natura: Capitolo di libro
Lingua:inglese
Soggetti:
Tags: Aggiungi Tag
Nessun Tag, puoi essere il primo ad aggiungerne!!

MARC

LEADER 00000naa$a2200000$$$4500
001 0094555
005 20240502083240.1
041 0 |a eng 
044 |a HU 
245 1 0 |a E-learning and Simulations  |c Janette Retová, Oľga Škvarčeková 
520 |a Vzdelanie ako jedna z najväčších investícií pre budúcnosť krajiny alebo firmy. Využívanie nových elektronických foriem vzdelávania všade vo svete. E-learning a simulácie. Výhody simulovaného vzdelávania. Obchodné simulácie. 
610 2 0 |a vzdelávanie elektronické 
610 2 0 |a vzdelávanie 
610 2 0 |a simulácia 
100 1 |a Retová, Janette 
700 1 |a Škvarčeková, Oľga